| 000 | 00537nam a2200229Ia 4500 | ||
|---|---|---|---|
| 008 | 210210b1935 xxu||||| |||| 00| 0 eng d | ||
| 041 | _aeng | ||
| 082 | _a822/182 | ||
| 100 | _aBRYANT (A) | ||
| 245 | _aLetters: speeches and declaration of king charles II | ||
| 260 |
_aLondon _bCassell and Company Ltd _c1935 |
||
| 650 | _aspeeches | ||
| 650 | _aof | ||
| 650 | _aLetters: | ||
| 650 | _aking | ||
| 650 | _aII | ||
| 650 | _adeclaration | ||
| 650 | _acharles | ||
| 650 | _aand | ||
| 690 | _aEnglish Prose | ||
| 906 | _a012369 | ||
| 999 |
_c131164 _d131164 |
||